[Event "RUS-chT 10th final B"]
[Site "Togliatti"]
[Date "2003.05.24"]
[Round "2"]
[White "Smirnov, Artem"]
[Black "Ivanov, Alexei"]
[Result "1-0"]
[WhiteElo "2368"]
[BlackElo "2419"]
[PlyCount "111"]
[EventDate "2003.05.23"]
[EventType "team-tourn"]
[EventRounds "3"]
[EventCountry "RUS"]
[SourceTitle "EXT 2020"]
[Source "ChessBase"]
[SourceDate "2019.10.17"]
[SourceVersion "1"]
[SourceVersionDate "2019.10.17"]
[SourceQuality "1"]
[WhiteTeam "Sankt Petersburg Lentransgaz II"]
[BlackTeam "Vladivostok Debiut-DVGU"]
[WhiteTeamCountry "RUS"]
[BlackTeamCountry "RUS"]

1. d4 d5 2. c4 c6 3. Nf3 Nf6 4. Nc3 a6 5. cxd5 cxd5 6. Ne5 e6 7. Bf4 Be7 8. e3 Nfd7 9. Nf3 b5 10. Bd3 Bb7 11. 0-0 0-0 12. Qe2 Nf6 13. Rfc1 Nc6 14. a4 b4 15. Nb1 Ne8 16. Nbd2 Na5 17. Ne5 Bd6 18. Qh5 Nf6 19. Qd1 Qe7 20. Bg5 h6 21. Bxf6 gxf6 22. Qg4+ Kh8 23. Qh5 Kg7 24. Qg4+ Kh8 25. Qh5 Kg7 26. Ng4 Rh8 27. f4 f5 28. Ne5 f6 29. Nef3 Qf7 30. Qh3 Rhg8 31. Rc2 Rac8 32. Rac1 Rxc2 33. Rxc2 Ra8 34. Nf1 b3 35. Rc1 Rc8 36. Rxc8 Bxc8 37. Qg3+ Kf8 38. Qh4 Qg7 39. Ng3 Ke7 40. Ne5 Bxe5 41. dxe5 Qg6 42. Nh5 Kf8 43. Nxf6 Nc4 44. Bxc4 dxc4 45. Qe1 Qf7 46. Qb4+ Qe7 47. Qxc4 Qb7 48. Qc5+ Kf7 49. Kf2 Bd7 50. Qd4 Bc6 51. Qd8 a5 52. h3 h5 53. Nh7 Qd7 54. Ng5+ Kg7 55. Qf6+ Kg8 56. Qg6+ 1-0

[Event "RUS-chT 10th Group2"]
[Site "Togliatti"]
[Date "2003.05.16"]
[Round "1"]
[White "Ivanov, Sergey"]
[Black "Ivanov, Alexei"]
[Result "1-0"]
[WhiteElo "2557"]
[BlackElo "2419"]
[PlyCount "91"]
[EventDate "2003.05.16"]
[EventType "team-tourn"]
[EventRounds "6"]
[EventCountry "RUS"]
[SourceTitle "EXT 2020"]
[Source "ChessBase"]
[SourceDate "2019.10.17"]
[SourceVersion "1"]
[SourceVersionDate "2019.10.17"]
[SourceQuality "1"]
[WhiteTeam "Sankt Petersburg Lentransgaz"]
[BlackTeam "Vladivostok Debiut-DVGU"]
[WhiteTeamCountry "RUS"]
[BlackTeamCountry "RUS"]

1. d4 d5 2. c4 c6 3. Nf3 Nf6 4. Nc3 a6 5. c5 Nbd7 6. Bf4 Nh5 7. e3 g6 8. Bd3 Bg7 9. 0-0 0-0 10. Re1 Re8 11. Bg5 Bf6 12. Bxf6 Nhxf6 13. b4 e5 14. dxe5 Nxe5 15. Nd4 Nfg4 16. h3 Nxd3 17. Qxd3 Ne5 18. Qc2 f5 19. Na4 Nc4 20. Nb2 Ne5 21. a4 Bd7 22. f4 Nf7 23. Nd3 Re4 24. Nf2 Re7 25. Rab1 Qe8 26. Qd2 Rc8 27. Nd3 Re4 28. Kh2 Ra8 29. Nf2 Re7 30. Nd1 Qb8 31. Nc3 Qa7 32. Rec1 Rae8 33. Nd1 Qb8 34. b5 axb5 35. axb5 Qc7 36. bxc6 bxc6 37. Rb6 Re4 38. Ra1 g5 39. g3 gxf4 40. gxf4 Rxe3 41. Nxe3 Qxf4+ 42. Kh1 Rxe3 43. Ra8+ Nd8 44. Rxd8+ Kf7 45. Rf8+ Kg6 46. Qg2+ 1-0

[Event "BCF-chT 9394 (4NCL) 1st"]
[Site "England"]
[Date "1994.05.08"]
[Round "10.4"]
[White "Britton, Richard"]
[Black "Ivanov, Alexei"]
[Result "0-1"]
[WhiteElo "2305"]
[BlackElo "2450"]
[PlyCount "90"]
[EventDate "1993.10.02"]
[EventType "team-tourn"]
[EventRounds "10"]
[EventCountry "ENG"]
[SourceTitle "EXT 2019"]
[Source "ChessBase"]
[SourceDate "2018.10.10"]
[SourceVersion "1"]
[SourceVersionDate "2018.10.10"]
[SourceQuality "1"]
[WhiteTeam "London Barbican"]
[BlackTeam "Invicta Knights Maidstone"]
[WhiteTeamCountry "ENG"]
[BlackTeamCountry "ENG"]

1. e4 e5 2. Nf3 Nc6 3. Bb5 f5 4. Nc3 Nf6 5. Qe2 Bc5 6. exf5 Qe7 7. d3 Nd4 8. Nxd4 Bxd4 9. 0-0 c6 10. Ba4 d5 11. Qf3 0-0 12. Be3 e4 13. dxe4 Bxc3 14. bxc3 Nxe4 15. Bb3 Bxf5 16. Rfe1 Be6 17. Qd1 Qf7 18. f3 Nxc3 19. Qd2 Nb5 20. Bc5 Rfe8 21. a4 Nc7 22. Qf2 b6 23. Bd6 Rad8 24. Qg3 Rd7 25. Rad1 h6 26. Rd2 Bf5 27. Be5 Rde7 28. Rde2 Kh7 29. Qf4 Ne6 30. Qd2 Nc5 31. Kf2 Qg6 32. Re3 Nd7 33. Bg3 Rxe3 34. Rxe3 Rxe3 35. Kxe3 Nc5 36. Kf2 Qf6 37. Qe3 Qb2 38. Be5 Nd3+ 39. Qxd3 Qxe5 40. Qa6 Qxh2 41. Qxa7 Bh3 42. Qxb6 Qxg2+ 43. Ke1 Qxf3 44. a5 Qc3+ 45. Kf2 d4 0-1